|
|
|
|
| LEADER |
00000nam a2200000 a 4500 |
| 001 |
vtls010090028 |
| 003 |
SK-MaSNL |
| 005 |
20260426015107.0 |
| 008 |
240314s2008 hu ae n 001 0 hun |
| 015 |
|
|
|a SNBZSA2011-00245
|
| 020 |
|
|
|a 9789632270215
|q (viaz.)
|
| 035 |
|
|
|a 3FD9E15F-020A-4860-A549-02E865D964BC
|
| 035 |
|
|
|a urn:nbn:sk:snk-amyg9c
|
| 035 |
|
|
|a urn:nbn:sk:snk-am00ckv5
|
| 040 |
|
|
|a SNK
|b slo
|c SNK
|e AACR2
|
| 041 |
0 |
|
|a hun
|b eng
|
| 043 |
|
|
|a e-hu---
|a e-xo---
|
| 044 |
|
|
|a hu
|c HU
|
| 072 |
|
7 |
|a 712
|x Plánovanie krajiny. Parky. Záhrady
|2 konspekt
|
| 080 |
|
|
|a 712.3
|x (439)
|x (437.6)
|2 2001
|
| 100 |
1 |
|
|a Fatsar, Kristóf
|4 aut
|9 747193
|
| 245 |
1 |
0 |
|a Magyarországi barokk kertművészet
|c Fatsar Kristóf
|
| 260 |
|
|
|a [Budapest]
|b Helikon Kiadó
|c 2008
|
| 300 |
|
|
|a 277 s.
|b ilustr., plány
|c 32 cm
|
| 500 |
|
|
|a Mp. na predsádkach
|
| 504 |
|
|
|a Bibliogr. s. 261-269. Bibliogr. odkazy. Reg.
|
| 546 |
|
|
|a Res. angl.
|
| 648 |
|
7 |
|a 18. stor.
|2 SNK
|9 283423
|
| 650 |
0 |
7 |
|a záhradná architektúra
|x dejiny
|2 snkph
|9 739521
|
| 651 |
|
7 |
|a Uhorsko
|2 snkph
|9 28673
|
| 651 |
|
7 |
|a Maďarsko
|2 snkph
|9 16754
|
| 651 |
|
7 |
|a Slovensko
|2 snkph
|9 14231
|
| 655 |
|
7 |
|a monografie
|2 snkph
|9 70139
|
| 919 |
|
|
|a 978-963-227-021-5
|
| 958 |
|
|
|a ZS
|
| 958 |
|
|
|a HU
|
| 958 |
|
|
|a NB
|
| 999 |
|
|
|c 1176721
|d 1178651
|
| 952 |
|
|
|a SNK
|b SNK
|y PREZ
|7 0
|p 17A0658258
|o snkSB 79413
|i snk2010/9334
|8 2
|g 26.53
|0 0
|1 0
|4 0
|d 2010-04-29
|f 1
|l 0
|r 2025-04-30 00:00:00
|w 2026-02-24
|